| 000 | 00000nam##2200000za#4500 |
| 001 | 9.605272 |
| 003 | CaOODSP |
| 005 | 20210624212030 |
| 007 | cr ||||||||||| |
| 008 | 150406|2001||||xxc|||||o f|0| 0 fre|d |
| 022 | |a1495-0790 |
| 040 | |aCaOODSP|bfre |
| 043 | |an-cn--- |
| 086 | 1 |aFA1-2/2001-7F-PDF |
| 110 | 1 |aCanada. |bBureau du vérificateur général. |
| 245 | 10|aRapport de la commissaire à l'environnement et au développement durable à la Chambre des communes - 2001. Chapitre 7, : |h[ressource électronique]|bPétitions - Être à l'écoute des Canadiens : le processus de pétition |
| 260 | |aOttawa - Ontario : |bBureau du vérificateur général du Canada |
| 300 | |a50p.|bfigure, tableaux |
| 490 | 1 |aRapport du commissaire à l'environnement et au développement durable à la Chambre des communes. [Chapitres]|x1495-0790|v2001 |
| 500 | |aLe n° de catalogue (FA1-2/2001-7F) et l'ISBN (0-662-86212-0) de l'édition imprimée ont été incorrectement copiés dans l'édition électronique. |
| 590 | |a13-03-Supp|b2013-02-11 |
| 775 | 08|tReport of the Commissioner of the Environment and Sustainable Development to the House of Commons - 2001. Chapter 7, : |w(CaOODSP)9.575883 |
| 830 | #0|aRapport du commissaire à l'environnement et au développement durable à la Chambre des communes. [Chapitres]|x1495-0790|v2001|w(CaOODSP)9.502646 |
| 856 | 40|ahttp://publications.gc.ca|qPDF|s509 Ko|uhttps://publications.gc.ca/collections/collection_2013/bvg-oag/FA1-2-2001-7-fra.pdf|y2001 |